Estudio a nivel de perfil del proyecto adoquinamiento de calles en el Barrio Amado Palma, municipio de Somoto, departamento de Madriz
El perfil para el proyecto en el barrio Armando Palma consiste en la elaboración de los estudios de base, para definir el área de influencia del proyecto así como sus características demográficas y socio-económicos, para la selección de la alternativa más viable en la solución de la problem...
| Main Author: | |
|---|---|
| Other Authors: | |
| Format: | Tesis Section = Libro |
| Language: | Undetermined Spanish |
| Published: |
Managua
UNI
2014
|
| Subjects: |
| LEADER | 01216nam a2200241Ia 4500 | ||
|---|---|---|---|
| 008 | 240830s9999 xx 000 0 und d | ||
| 040 | |a BIBLIOTECA-RUPAP T.Mon 625.85 B224 | ||
| 041 | |a spa | ||
| 082 | |a T.Mon 625.85 B224 | ||
| 100 | 1 | |a Barahona Espinoza, Kevin Armando | |
| 245 | 1 | 0 | |a Estudio a nivel de perfil del proyecto adoquinamiento de calles en el Barrio Amado Palma, municipio de Somoto, departamento de Madriz |
| 260 | |a Managua |b UNI |c 2014 | ||
| 300 | |a 92 p. :il. | ||
| 500 | |a Contiene: anexos. | ||
| 502 | |a Tesis (Ingeniero Civil)- UNI, 2014. | ||
| 520 | 3 | |a El perfil para el proyecto en el barrio Armando Palma consiste en la elaboración de los estudios de base, para definir el área de influencia del proyecto así como sus características demográficas y socio-económicos, para la selección de la alternativa más viable en la solución de la problemática, aplicando las normas técnicas para los diseños geométricos de las calles y obras de drenajes pluviales. | |
| 650 | 7 | |a PAVIMENTOS | |
| 650 | 7 | |b CALLES-MANTENIMIENTO Y REPARACION | |
| 650 | 7 | |c PAVIMENTOS DE HORMIGON | |
| 700 | 1 | |a Tutor: |b Fonseca Chávez, Miguel Antonio | |
| 942 | |c BK |2 ddc | ||
| 991 | |a TESIS | ||
| 999 | |c 18288 | ||